000
00256nam a22001217a 4500
008
230620b xxu||||| |||| 00| 0 eng d
082
_a
324.204
_b
KANU
100
_c
ECK
245
_a
KANU
260
_a
Kenya
_b
KANU
_c
1990
300
_a
496P
942
_2
ddc
_c
BK
999
_c
1739
_d
1739